| 000 | 01058nam a22003017a 4500 | ||
|---|---|---|---|
| 001 | BR7300369 | ||
| 003 | BR-BrBNA | ||
| 005 | 20230928083837.0 | ||
| 007 | ta | ||
| 008 | 230509b bl.||||| |||| 00| 0 por d | ||
| 040 |
_aBR-BrBNA _bpor _cBiblioteca Nacional de Agricultura |
||
| 041 | _a(Eng) | ||
| 072 |
_aK00; P10 _b/G478 _b/GZ35 |
||
| 090 | _ K00 BR7300369 | ||
| 100 | 1 | _aLima, W. de P. | |
| 110 | 1 |
_aOhio State University, Columbus (USA) _0Thesis (Master of Science) _97698 |
|
| 245 | 1 | _aHydrologic behavior of two small watersheds in west Virginia undergoing natural reforestation [Comportamento hidrologico; Bacia hidrografica; Reflorestamento] | |
| 260 | 3 |
_aColumbus, Ohio (USA): _c1971. |
|
| 300 | _a144 p. | ||
| 500 | _aSummary (Eng). (*) Documento disponível na(o) Instituto de Pesquisas e Estudos Florestais, Piracicaba, SP (Brazil) | ||
| 650 | _aReflorestamento | ||
| 650 | _aHidrologia | ||
| 650 | _aBacia hidrografica | ||
| 650 | _aVirginia | ||
| 650 | _aEstados Unidos | ||
| 909 |
_a202309 _bLucia _c55 _dLucia Elande |
||
| 942 | _cBK | ||
| 999 |
_c15489 _d15489 |
||